Statistics for Countries Guessed Over 80%

Click here to take the quiz!

General Stats

  • This quiz has been taken 507 times
  • The average score is 45 of 54

Answer Stats

% CorrectCountry% Correct
97%United States
100%
94%United Kingdom
99%
95%Brazil
98%
96%Canada
98%
95%Russia
98%
95%China
97%
95%Mexico
97%
94%Australia
96%
94%France
96%
93%Spain
96%
92%Argentina
95%
93%Japan
95%
92%Germany
94%
93%India
94%
93%Italy
94%
90%Sweden
94%
89%Egypt
92%
89%South Africa
92%
89%Norway
91%
90%Portugal
91%
88%New Zealand
89%
89%Finland
88%
91%Chile
87%
88%Greece
87%
88%Iran
87%
86%Poland
86%
88%South Korea
86%
82%Indonesia
85%
88%Iraq
84%
88%Turkey
84%
86%Peru
83%
91%Ireland
82%
86%Denmark
81%
84%Netherlands
80%
85%Pakistan
80%
84%Switzerland
80%
81%Austria
79%
84%Colombia
79%
91%Iceland
78%
83%Saudi Arabia
78%
82%Belgium
77%
86%Cuba
77%
88%North Korea
77%
81%Thailand
77%
82%Ukraine
75%
81%Vietnam
74%
82%Niger
65%
82%Afghanistan
63%
81%Morocco
63%
83%Mongolia
61%
80%Bolivia
56%
81%Uruguay
53%
80%Paraguay
52%
85%Madagascar
43%

Score Distribution

Percentile by Number Answered

Percent of People with Each Score

Your Score History

You have not taken this quiz